|
|
|
|
| LEADER |
00000nam0a2200000 4500 |
| 001 |
234420 |
| 005 |
20231101231323.0 |
| 035 |
|
|
|a (RuTPU)RU\TPU\book\255543
|
| 090 |
|
|
|a 234420
|
| 100 |
|
|
|a 20130325d2012 m y0rusy50 ca
|
| 101 |
0 |
|
|a rus
|
| 102 |
|
|
|a RU
|
| 105 |
|
|
|a a j 001zy
|
| 200 |
1 |
|
|a Особенности проведения гидрогеологических и инженерно- геологических работ на разных стадиях разведки и освоения инфильтрационных (гидрогенных) месторождений урана
|e учебное пособие
|f В. Г. Язиков
|g Национальный исследовательский Томский политехнический университет (ТПУ)
|
| 210 |
|
|
|a Томск
|c Изд-во ТПУ
|d 2012
|
| 215 |
|
|
|a 94 с.
|c ил.
|
| 320 |
|
|
|a Библиогр.: с. 93.
|
| 330 |
|
|
|a В пособии приведены основные понятия, термины гидрогеологических и инженерно-геологических работ при освоении инфильтранионных (гидрогенных) месторождений урана. Изложена методика гидрогеологических работ, выполняемых на стадии подготовки эксплуатационных блоков и непосредственно эксплуатации месторождений урана. Предназначено для студентов и магистрантов, обучающихся по направлению 020700 «Геология», профиль «Геология месторождений радиоактивного сырья», а также для круга читателей, занимающихся изучением месторождений урана.
|
| 452 |
|
1 |
|0 (RuTPU)RU\TPU\book\256220
|t Особенности проведения гидрогеологических и инженерно-геологических работ на разных стадиях разведки и освоения инфильтрационных (гидрогенных) месторождений урана
|o учебное пособие
|f В. Г. Язиков
|g Национальный исследовательский Томский политехнический университет (ТПУ)
|c Томск
|n Изд-во ТПУ
|d 2012
|a Язиков, Виктор Григорьевич
|
| 606 |
1 |
|
|a Урановые руды
|x Месторождения
|x Поиски и разведка
|2 stltpush
|3 (RuTPU)RU\TPU\subj\63217
|9 80248
|
| 610 |
1 |
|
|a понятия
|
| 610 |
1 |
|
|a термины
|
| 610 |
1 |
|
|a гидрогеологические исследования
|
| 610 |
1 |
|
|a инженерно-геологические работы
|
| 610 |
1 |
|
|a уран
|
| 610 |
1 |
|
|a инфильтрационные месторождения
|
| 610 |
1 |
|
|a эксплуатация
|
| 610 |
1 |
|
|a учебные пособия
|
| 610 |
1 |
|
|a труды учёных ТПУ
|
| 675 |
|
|
|a 553.495:550.8(075.8)
|v 3
|
| 700 |
|
1 |
|a Язиков
|b В. Г.
|g Виктор Григорьевич
|
| 712 |
0 |
2 |
|a Национальный исследовательский Томский политехнический университет (ТПУ)
|c (2009- )
|2 stltpush
|3 (RuTPU)RU\TPU\col\15902
|
| 801 |
|
1 |
|a RU
|b 63413507
|c 20130325
|
| 801 |
|
2 |
|a RU
|b 63413507
|c 20161013
|g RCR
|
| 942 |
|
|
|c BK
|